Curso de estadística / (Record no. 72334)

MARC details
000 -LEADER
campo de control de longitud fija 00946nam a2200241 i 4500
001 - NÚMERO DE CONTROL
campo de control 72334
003 - IDENTIFICADOR DE NÚMERO DE CONTROL
campo de control ES-MaACL
005 - FECHA Y HORA DE LA ÚLTIMA TRANSACCIÓN
campo de control 20250814234223.0
007 - CAMPO FIJO DE DESCRIPCIÓN FÍSICA--INFORMACIÓN GENERAL
campo de control de longitud fija t|
008 - DATOS DE LONGITUD FIJA--INFORMACIÓN GENERAL
campo de control de longitud fija 040831s1953 sp ||||1| spa d
100 1# - ENTRADA PRINCIPAL--NOMBRE DE PERSONA
Nombre de persona Gini, Corrado.
9 (RLIN) 57138
245 10 - MENCIÓN DEL TÍTULO
Título Curso de estadística /
Mención de responsabilidad, etc. Corrado Gini ; con un apéndice matemático por Luigi Galvani ; traducción y adaptación de la edición italiana de 1946-47 por Jorge Stecher Navarra.
250 ## - MENCION DE EDICION
Mención de edición 2ª ed. española totalmente renovada.
260 ## - PUBLICACIÓN, DISTRIBUCIÓN, ETC.
Lugar de publicación, distribución, etc. Barcelona :
Nombre del editor, distribuidor, etc. Labor,
Fecha de publicación, distribución, etc. 1953 (
Fabricante Grijelmo)
300 ## - DESCRIPCIÓN FÍSICA
Extensión XIX, 555 p. :
Otras características físicas il. ;
Dimensiones 23 cm.
490 1# - MENCIÓN DE SERIE
Mención de serie Enciclopedia de ciencias jurídicas y sociales. Ciencias Sociales
650 04 - PUNTO DE ACCESO ADICIONAL DE MATERIA--TÉRMINO DE MATERIA
Término de materia o nombre geográfico como elemento de entrada Estadística.
9 (RLIN) 12520
700 1# - ENTRADA AGREGADA--NOMBRE PERSONAL
Nombre de persona Galvani, Luigi.
9 (RLIN) 53694
700 1# - ENTRADA AGREGADA--NOMBRE PERSONAL
Nombre de persona Stecher Navarra, Jorge.
9 (RLIN) 107970
830 00 - PUNTO DE ACCESO ADICIONAL DE SERIE-TÍTULO UNIFORME
Título uniforme Enciclopedia de ciencias jurídicas y sociales
9 (RLIN) 183357
852 ## - LOCALIZACIÓN
Ubicación ES-MaACL
Número de control de estantería C-5892
Sublocalización o colección R.34995
Holdings
Estatus retirado Estado de pérdida Estado de daño No para préstamo Biblioteca de origen Biblioteca actual Ubicación en estantería Fecha de adquisición Fuente de adquisición Total de préstamos Signatura topográfica completa Código de barras Visto por última vez Precio de reemplazo Tipo de ítem Koha
        Biblioteca del Ateneo de Madrid Biblioteca del Ateneo de Madrid Sala Palomar 17/01/2008     C-5892 1075729 23/02/2023 23/02/2023 Libro impreso